000 00673nam a2200289Ia 4500
005 20260324135917.0
008 008 260324s9999 xx 000 0 eng d
020 _a9780203008843
037 _aEBOOK
040 _aCRL
040 _beng
040 _cCRL
041 _2eng
041 _aeng
084 _qCRL
100 _aOliver Brachfeld
_91202390
245 0 _aInferiority Feelings
245 0 _bIn the Individual and the Group
260 _bTaylor and Francis
260 _c1999
365 _a
365 _b420
856 _uhttp://www.taylorfrancis.com/books/9780203008843
942 _cEBOOK
999 _c1803937
_d1803937